Liga Mistrzów 2024/2025 - faza ligowa - Statystyki

Ogólne statystyki
  • Ten quiz został rozwiązany 312 razy
  • Średni wynik to 20 z 36
Statystyki odpowiedzi
Nazwa klubu % Poprawnych
Real Madryt
95%
Barcelona
93%
Liverpool
86%
Manchester City
86%
Inter Mediolan
85%
Bayern Monachium
83%
PSG
83%
Borussia Dortmund
82%
AC Milan
81%
Arsenal
80%
Atletico Madryt
80%
Juventus
76%
Aston Villa
73%
Bayer Leverkusen
70%
Girona
59%
RB Lipsk
55%
Monaco
54%
Atalanta
53%
Benfica
51%
Brest
49%
PSV
49%
Young Boys
47%
Bologna
44%
Lille
42%
Feyenoord
38%
Sparta Praga
36%
Crvena zvezda
34%
VfB Stuttgart
31%
Celtic Glasgow
29%
Club Brugge
27%
Salzburg
26%
Szachtar Donieck
24%
Sturm Graz
22%
Slovan Bratislava
13%
Sporting Lisbona
13%
Dinamo Zagreb
11%
Nie znaleziono quizów pasujących do podanych kryteriów
Rozkład punktacji
Procent ludzi z każdym wynikiem
Percentyl według liczby udzielonych odpowiedzi
Twoja historia wyników
Nie rozwiązałeś tego quizu